[Event "Erbil Khanzad Cup 11th"]
[Site "Erbil"]
[Date "2018.06.01"]
[Round "5"]
[White "Omiad, Saber Abdullah"]
[Black "Najdat, Farouq Abdullkarim"]
[Result "1-0"]
[WhiteElo "1727"]
[BlackElo "1502"]
[PlyCount "97"]
[EventDate "2018.05.31"]
[EventType "swiss"]
[EventRounds "7"]
[EventCountry "IRQ"]
[SourceTitle "EXT 2019"]
[Source "ChessBase"]
[SourceDate "2018.10.10"]
[SourceVersion "1"]
[SourceVersionDate "2018.10.10"]
[SourceQuality "1"]

1. e4 c5 2. Nf3 Nc6 3. d4 cxd4 4. Nxd4 d6 5. Nc3 a6 6. Bc4 Nf6 7. f3 Nxd4 8. Qxd4 e5 9. Qf2 Be7 10. Be3 b5 11. Bd5 Nxd5 12. Nxd5 Be6 13. Bb6 Qc8 14. Nc7+ Kd7 15. Nxa8 Qxa8 16. 0-0 Qc6 17. Be3 f5 18. exf5 Bxf5 19. c3 Rf8 20. Qd2 h6 21. h3 Rf6 22. Rfd1 Rg6 23. Kh2 Bg5 24. Bxg5 Rxg5 25. Qd5 Qxd5 26. Rxd5 Be6 27. Rd2 Rg6 28. a4 Bc4 29. axb5 axb5 30. Ra6 Kc7 31. Kg1 Rf6 32. Ra7+ Kc6 33. Rxg7 d5 34. Ra7 Kb6 35. Re7 e4 36. fxe4 Rf1+ 37. Kh2 Re1 38. b4 Rxe4 39. Rxe4 dxe4 40. Rd6+ Kc7 41. Rxh6 e3 42. Kg1 Kd7 43. g4 Ke7 44. g5 Kf7 45. Rf6+ Kg7 46. h4 e2 47. Kf2 Bd3 48. h5 Bc4 49. Rc6 1-0